00503 2200205 4500001002100000008004100021035002000062245006000082100002000142250000600162260003400168300001100202084001400213082000800227650001400235990001200249990001200261990001200273990001200285INLIS000000000000416 ind  a0010-0424000392 aMateri Ekonomi Volume 2; KetergantungancAgung Feryanto aFeryanto, Agung a1 aKlaten :bCempaka Putihc2013 a60 hlm a330 AGU m a330 aNon Fiksi a0722468 a0722469 a0722470 a0722471